Pays les plus proches de Nauru - sprint d'une minute - Statistiques

Statistiques générales
  • Ce quiz a été pris 82 fois
  • Le résultat moyen est 13 sur 20
Statistiques - réponses
km pays % Correct
2863 Australie
97%
776 Micronésie
88%
3820 Nouvelle-Zélande
88%
1160 Tuvalu
88%
598 Îles Marshall
85%
288 Kiribati
83%
2662 Samoa
82%
3692 Palaos
81%
1737 Fidji
79%
2892 Indonésie
78%
1397 Vanuatu
78%
1392 Papouasie- Nouvelle-Guinée
76%
2544 Tonga
72%
1104 Salomon
71%
4561 Philippines
63%
4478 Timor-Leste
44%
5132 Japon
33%
4342 États Unis
26%
3219 Îles Cook
11%
3255 Niue
6%
Aucun quiz correspondant
Distribution des résultats
% des personnes avec chaque résultat
Percentile par nombre de réponses
Votre historique - résultats
Vous n’avez pas pris ce quiz